| 000 | 00782nam a2200205 a 4500 | ||
|---|---|---|---|
| 001 | 000034478 | ||
| 005 | 20200930073725.0 | ||
| 008 | 111005s2008 mx 000 0 spa d | ||
| 020 | _a9789689221081 | ||
| 040 |
_aDO-SdBNP _bspa _cBNPHU |
||
| 082 |
_axxx _bG958r |
||
| 100 | 1 |
_aGuillén Reyes, José Alejandro _959917 |
|
| 245 | 1 | 0 |
_aReflexiones politológicas sobre la estatización de la banca / _cJosé Alejandro Guillén Reyes, Jaime Ángel Chama Cancela. |
| 260 |
_aMéxico : _bCentro de Estudios Espinosa Yglesias, _c2008. |
||
| 300 |
_a173 p. ; _c24 cm. |
||
| 500 | _aIncluye notas al pie de las páginas | ||
| 500 | _aIncluye datos biográficos del autor en la solapa de la cubierta | ||
| 504 | _aBibliografía : p. 171-173 | ||
| 700 | 1 |
_aChama Cancela, Jaime Ángel _959918 |
|
| 999 |
_c33969 _d33969 |
||